Simulácia a optimalizácia procesov bezchlórového bielenia buničiny : Obh. 15.12.1997 /
Enregistré dans:
| Auteur principal: | |
|---|---|
| Format: | Manuscrit Livre |
| Langue: | slovaque |
| Publié: |
Bratislava :
STU v Bratislave ChtF,
1997
|
| Tags: |
Pas de tags, Soyez le premier à ajouter un tag!
|
MARC
| LEADER | 00000ntm a22000003a 4500 | ||
|---|---|---|---|
| 001 | stu24777 | ||
| 005 | 20150617225742.3 | ||
| 008 | 980130s1997----xo------------------slo-d | ||
| 040 | |a STU |b slo | ||
| 041 | 0 | |a slo | |
| 044 | |a xo | ||
| 080 | |a 676.1.023.1(043.3) |7 stu_us_auth*stu4486 | ||
| 100 | 1 | |a Boháček, Štefan |4 aut | |
| 245 | 1 | |a Simulácia a optimalizácia procesov bezchlórového bielenia buničiny : |b Obh. 15.12.1997 / |c [aut.]Boháček,Štefan | |
| 260 | |a Bratislava : |b STU v Bratislave ChtF, |c 1997 | ||
| 300 | |a 133 s : |b Tab.,grafy,lit | ||
| 500 | |a Katedra chem.a biochem.inžinierstva | ||
| 996 | |b CKD372 |c C*KD372 |l CCI |s A |a 24 |w stu24777_0001 | ||